000 01177cab a2200289 4500
001 ABS45909
008 090401t1992 xxu||||| |||| 00| 0 eng d
035 _a(Sirsi) u55833
041 _aeng
245 _aComputers
260 _c1992
300 _aLOAN
350 _a0
490 _aNew Civil Engineer
_vSupplement February 1992 (40)
520 _aSupplement on the use of computers in civil engineering including articles on a computerised bridge inspection program in Surrey, advantages of increased accuracy of survey work using satellites, moves by Ove Arup to offer software to further education establishments virtually free, a new electronic drawing machine and better availability of ground modelling software. Includes a comprehensive software directory.
650 _aBRIDGES
650 _aCIVIL ENGINEERING SOFTWARE DIRECTORY
650 _aCIVIL ENGINEERING
650 _aGLOBAL POSITIONING SYSTEMS
650 _aGROUND MODELLING
650 _aSATELLITE AIDED SURVEYING
650 _aSOFTWARE PACKAGES
650 _aSTRUCTURAL SURVEYS
690 _aMANAGEMENT-BUSINESS MANAGEMENT-INFORMATION MANAGEMENT
942 _n0
948 _c04/03/1997
999 _c34129
_d34129